Migračná politika Švédska

Švédsko, ako jedna z krajín s najliberálnejším prístupom k migrácii a súčasné trendy v oblasti migračnej politiky. Liberálna švédska migračná politika smeruje k výraznejšie regulovanému prisťahovalectvu, vzhľadom na narastajúci počet migrantov, ktorý sa stáva nekontrolovateľný a kapacitne nezvládnut...

Description complète

Enregistré dans:
Détails bibliographiques
Auteur principal: Chuguryan, Simona, 1977-
Format: Chapitre de livre
Langue:slovaque
Sujets:
Tags: Ajouter un tag
Pas de tags, Soyez le premier à ajouter un tag!

MARC

LEADER 00000nla a2200000 4500
001 0213451
005 20240502073546.6
041 0 |a slo 
044 |a SK 
245 1 0 |a Migračná politika Švédska  |c Simona Chuguryan 
520 |a Švédsko, ako jedna z krajín s najliberálnejším prístupom k migrácii a súčasné trendy v oblasti migračnej politiky. Liberálna švédska migračná politika smeruje k výraznejšie regulovanému prisťahovalectvu, vzhľadom na narastajúci počet migrantov, ktorý sa stáva nekontrolovateľný a kapacitne nezvládnuteľný. 
610 2 0 |a Švédsko 
610 2 0 |a politika migračná 
610 2 0 |a politika azylová 
610 2 0 |a systémy politické 
610 2 0 |a vzťahy politické medzinárodné 
610 2 0 |a bezpečnosť medzinárodná 
610 2 0 |a migrácia 
100 1 |a Chuguryan, Simona, 1977-